| 000 | 00679nam a22002057a 4500 | ||
|---|---|---|---|
| 005 | 20160801111259.0 | ||
| 010 | _aENG-115377 | ||
| 020 |
_a9380574665 _c1595.00 |
||
| 020 |
_a9789380574660 _c1595.00 |
||
| 035 | _aEN-98909 | ||
| 037 | _bDBAD/PUB | ||
| 082 | _a338.954 | ||
| 245 |
_aEconomics of growth, inequality, institutions and development : _breforms,social capital,inclusion and distribution / _cedited by Lakshmanasamy,T. |
||
| 260 |
_aDelhi _bBookwell _c2016 |
||
| 270 |
_a3/79,Nirankari Colony _bDelhi _e110009 |
||
| 300 |
_axvi,453p. _c24cm(Hb) |
||
| 500 | _aIncludes references | ||
| 700 | _aLakshmanasamy,T. | ||
| 942 |
_2ddc _cEN _h338.954 _mECO |
||
| 999 |
_c101160 _d101160 |
||